000 01021nam a22003617a 4500
001 0024247
003 KOHA_MİRAKIL
005 20260207002435.0
007 ta
008 101112b2007 tu |||gr||||#||||0|tur |
020 _a9789944771320
_c5,63
040 _aTR-BiSEU
_btur
_cTR-BiSEU
_erda
041 0 _atur
044 _ctu
050 _aGB54.5
_b.A35 2007
100 1 _aAkkuş, Akif.
245 1 _aGenel fiziki coğrafya/
_cAkif Akkuş ; Akif Akkuş.
264 1 _aAnkara :
_bNobel
_c2007
300 _axi, 138 sayfa: resimli; 24 cm.
336 _ametin
_btxt
_2rdacontent
337 _aaracısız
_bn
_2rdamedia
338 _acilt
_bnc
_2rdacarrier
490 1 _aNobel yayın ;
_vno.
490 1 _a71.
490 1 _aSosyal bilimler dizisi ;
_v1.
500 _aKaynakça var.
650 0 _aFiziksel coğrafya.
_927884
650 0 _aPhysical geography.
_949614
830 1 _aNobel yayın ;
_vno.
_91510
830 1 _a71.
_921545
830 1 _aSosyal bilimler dizisi ;
_v1.
_99787
942 _2lcc
_cBK
999 _c24200
_d24200